[Event "31. DSenEM2019-Gruppe-50"]
[Site "Radebeul"]
[Date "2019.05.04"]
[Round "9.2"]
[White "Metz, Hartmut"]
[Black "Belke, Frank, Dr."]
[Result "0-1"]
[BlackElo "2283"]
[BlackTeam "Schachclub Hietzing (Wien)"]
[WhiteElo "2251"]
[WhiteTeam "SG Kuppenheim"]

1. e4 { [%clk 1:30:59]}  1... e6 { [%clk 1:30:54]}  2. d3 { [%clk 1:30:24]} 
2... d5 { [%clk 1:31:22]}  3. Qe2 { [%clk 1:30:49]}  3... Nc6 { [%clk 1:30:54]}
 4. Nf3 { [%clk 1:30:22]}  4... e5 { [%clk 1:30:25]}  5. exd5 { [%clk 1:29:16]}
 5... Qxd5 { [%clk 1:30:43]}  6. Nc3 { [%clk 1:29:38]}  6... Bb4 { [%clk
1:30:41]}  7. Bd2 { [%clk 1:29:58]}  7... Bxc3 { [%clk 1:28:48]}  8. Bxc3 {
[%clk 1:30:22]}  8... Bg4 { [%clk 1:28:48]}  9. Qe4 { [%clk 1:23:58]}  9...
Bxf3 { [%clk 1:25:40]}  10. gxf3 { [%clk 1:24:20]}  10... Nf6 { [%clk 1:26:03]}
 11. Qa4 { [%clk 1:17:00]}  11... O-O { [%clk 1:22:53]}  12. O-O-O { [%clk
0:59:07]}  12... Nd4 { [%clk 1:10:06]}  13. Rg1 { [%clk 0:56:55]}  13... b5 {
[%clk 1:05:22]}  14. Qa6 { [%clk 0:56:52]}  14... c6 { [%clk 1:01:03]}  15. f4
{ [%clk 0:56:17]}  15... exf4 { [%clk 1:01:00]}  16. Kb1 { [%clk 0:49:23]} 
16... Rad8 { [%clk 0:45:34]}  17. Bg2 { [%clk 0:41:22]}  17... f3 { [%clk
0:45:43]}  18. Bxd4 { [%clk 0:41:36]}  18... Qxd4 { [%clk 0:46:06]}  19. Bxf3 {
[%clk 0:41:50]}  19... Rd6 { [%clk 0:45:31]}  20. Rg2 { [%clk 0:37:59]}  20...
Nd7 { [%clk 0:44:10]}  21. Qa5 { [%clk 0:32:08]}  21... Ne5 { [%clk 0:39:48]} 
22. Be2 { [%clk 0:30:55]}  22... Nc4 { [%clk 0:35:44]}  23. Qc3 { [%clk
0:31:05]}  23... Qxc3 { [%clk 0:36:09]}  24. bxc3 { [%clk 0:31:29]}  24... Nb6
{ [%clk 0:36:21]}  25. Rdg1 { [%clk 0:29:08]}  25... g6 { [%clk 0:36:00]}  26.
Kc1 { [%clk 0:28:20]}  26... Re8 { [%clk 0:36:07]}  27. Bf3 { [%clk 0:27:11]} 
27... Kf8 { [%clk 0:36:14]}  28. Rg4 { [%clk 0:25:03]}  28... Rf6 { [%clk
0:34:00]}  29. R4g3 { [%clk 0:24:12]}  29... Re5 { [%clk 0:33:27]}  30. R1g2 {
[%clk 0:21:05]}  30... Re1+ { [%clk 0:30:30]}  31. Kd2 { [%clk 0:15:49]}  31...
Ra1 { [%clk 0:30:46]}  32. Be4 { [%clk 0:14:41]}  32... Rxa2 { [%clk 0:30:25]} 
33. Rg5 { [%clk 0:14:59]}  33... Nd7 { [%clk 0:29:51]}  34. f4 { [%clk
0:14:51]}  34... Ra1 { [%clk 0:26:07]}  35. f5 { [%clk 0:13:44]}  35... a5 {
[%clk 0:22:55]}  36. h4 { [%clk 0:03:13]}  36... Rh1 { [%clk 0:21:11]}  37.
fxg6 { [%clk 0:01:22]}  37... hxg6 { [%clk 0:20:43]}  38. R5g4 { [%clk
0:01:16]}  38... a4 { [%clk 0:20:16]}  39. Rg1 { [%clk 0:01:26]}  39... Rh2+ {
[%clk 0:19:49]}  40. R1g2 { [%clk 0:01:12]}  40... Rf2+ { [%clk 0:15:54]}  41.
Rxf2 { [%clk 0:25:37]}  41... Rxf2+ { [%clk 0:46:53]}  42. Ke3 { [%clk
0:25:40]}  42... Rxc2 { [%clk 0:45:30]}  43. Bxc6 { [%clk 0:26:01]}  43... Ne5
{ [%clk 0:45:38]}  44. Rg2 { [%clk 0:26:26]}  44... Rxg2 45. Bxg2 { [%clk
0:26:54]}  45... a3 { [%clk 0:45:36]}  46. Bd5 { [%clk 0:27:18]}  46... Nc4+ 
0-1

[Event "31. DSenEM2019-Gruppe-50"]
[Site "Radebeul"]
[Date "2019.05.04"]
[Round "9.3"]
[White "Schmidt, Gerhard, Dr."]
[Black "Nekrasov, Mihail"]
[Result "1/2-1/2"]
[BlackElo "2277"]
[BlackTeam "SV Hockenheim"]
[WhiteElo "2077"]
[WhiteTeam "SV Kreuztal"]

1. Nf3 { [%clk 1:30:52]}  1... d5 { [%clk 1:30:41]}  2. d4 { [%clk 1:31:01]} 
2... Nf6 { [%clk 1:30:57]}  3. c4 { [%clk 1:31:11]}  3... e6 { [%clk 1:31:05]} 
4. g3 { [%clk 1:31:16]}  4... dxc4 { [%clk 1:31:20]}  5. Bg2 { [%clk 1:31:16]} 
5... Nc6 { [%clk 1:31:38]}  6. Qa4 { [%clk 1:31:10]}  6... Bb4+ { [%clk
1:31:54]}  7. Bd2 { [%clk 1:31:07]}  7... Nd5 { [%clk 1:32:13]}  8. Bxb4 {
[%clk 1:30:54]}  8... Nxb4 { [%clk 1:32:31]}  9. O-O { [%clk 1:30:14]}  9...
Rb8 { [%clk 1:27:48]}  10. Nc3 { [%clk 1:29:37]}  10... a6 { [%clk 1:26:29]} 
11. Ne5 { [%clk 1:29:15]}  11... O-O { [%clk 1:26:36]}  12. Nxc6 { [%clk
1:29:16]}  12... Nxc6 { [%clk 1:26:57]}  13. Bxc6 { [%clk 1:29:20]}  13... bxc6
{ [%clk 1:27:19]}  14. Qxc4 { [%clk 1:29:30]}  14... Qd6 { [%clk 1:27:24]}  15.
Qc5 { [%clk 1:12:27]}  15... Qxc5 { [%clk 1:09:07]}  16. dxc5 { [%clk 1:12:47]}
 16... Rxb2 { [%clk 1:09:32]}  17. Rab1 { [%clk 1:12:09]}  17... Rc2 { [%clk
1:09:25]}  18. Rfc1 { [%clk 1:11:41]}  18... Rxc1+ { [%clk 1:09:15]}  19. Rxc1
{ [%clk 1:12:04]}  19... e5 { [%clk 1:10:07]}  20. Rb1 { [%clk 1:11:01]}  20...
Be6 { [%clk 1:10:25]}  21. Rb7 { [%clk 1:10:23]}  21... Rc8 { [%clk 1:10:48]} 
22. f4 { [%clk 1:07:49]}  22... exf4 { [%clk 1:08:42]}  23. gxf4 { [%clk
1:08:02]}  23... f5 { [%clk 1:09:05]}  24. Kf2 { [%clk 1:04:33]}  24... Kf7 {
[%clk 1:06:25]}  25. a3 { [%clk 1:03:41]}  25... Ke7  1/2-1/2

[Event "31. DSenEM2019-Gruppe-50"]
[Site "Radebeul"]
[Date "2019.05.04"]
[Round "9.4"]
[White "Pirrot, Dieter"]
[Black "Müller, Rudolf"]
[Result "1-0"]
[BlackElo "2071"]
[BlackTeam "Karlsruher SF"]
[WhiteElo "2334"]
[WhiteTeam "SV Hofheim"]

1. e4 { [%clk 1:30:57]}  1... b6 { [%clk 1:30:48]}  2. d4 { [%clk 1:31:06]} 
2... e6 { [%clk 1:31:09]}  3. Nf3 { [%clk 1:31:09]}  3... Bb7 { [%clk 1:31:26]}
 4. Bd3 { [%clk 1:31:27]}  4... c5 { [%clk 1:29:59]}  5. c3 { [%clk 1:31:48]} 
5... cxd4 { [%clk 1:30:10]}  6. cxd4 { [%clk 1:32:07]}  6... Bb4+ { [%clk
1:30:22]}  7. Nc3 { [%clk 1:28:13]}  7... Ne7 { [%clk 1:30:39]}  8. O-O { [%clk
1:28:07]}  8... O-O { [%clk 1:30:06]}  9. Bg5 { [%clk 1:22:11]}  9... Bxc3 {
[%clk 1:27:02]}  10. bxc3 { [%clk 1:22:33]}  10... f6 { [%clk 1:27:18]}  11.
Bh4 { [%clk 1:21:18]}  11... Ng6 { [%clk 1:18:44]}  12. Bg3 { [%clk 1:21:40]} 
12... d6 { [%clk 1:17:54]}  13. Qb3 { [%clk 1:13:33]}  13... d5 { [%clk
1:10:55]}  14. Rfe1 { [%clk 1:13:31]}  14... Re8 { [%clk 1:04:02]}  15. h4 {
[%clk 1:12:15]}  15... Nc6 { [%clk 1:02:39]}  16. h5 { [%clk 0:56:05]}  16...
Nf8 { [%clk 1:02:10]}  17. h6 { [%clk 0:53:08]}  17... g5 { [%clk 0:58:49]} 
18. exd5 { [%clk 0:51:26]}  18... Na5 { [%clk 0:56:31]}  19. Qc2 { [%clk
0:51:21]}  19... Bxd5 { [%clk 0:56:28]}  20. Bxh7+ { [%clk 0:51:00]}  20... Kh8
{ [%clk 0:55:58]}  21. Nxg5 { [%clk 0:33:04]}  21... Qd7 { [%clk 0:53:13]}  22.
Bd3 { [%clk 0:32:04]}  22... fxg5 { [%clk 0:50:50]}  23. Be5+ { [%clk 0:27:07]}
 23... Kg8 { [%clk 0:50:31]}  24. Re3 { [%clk 0:27:08]}  24... Nc6 { [%clk
0:39:11]}  25. Bf6 { [%clk 0:17:43]}  25... Re7 { [%clk 0:35:50]}  26. Rg3 {
[%clk 0:17:01]}  26... Kf7 { [%clk 0:31:16]}  27. Bxg5 { [%clk 0:17:14]}  27...
e5 { [%clk 0:26:55]}  28. Bxe7 { [%clk 0:13:02]}  28... Nxe7 { [%clk 0:26:59]} 
29. dxe5 { [%clk 0:12:25]}  29... Qc6 { [%clk 0:21:40]}  30. Rg7+ { [%clk
0:10:50]}  30... Ke8 { [%clk 0:17:54]}  31. c4 { [%clk 0:09:06]}  31... Bf7 {
[%clk 0:15:44]}  32. Be4 { [%clk 0:08:24]}  32... Qxh6 { [%clk 0:15:54]}  33.
Rxf7 { [%clk 0:08:47]}  33... Rd8 { [%clk 0:15:37]}  34. Rf6 { [%clk 0:08:55]} 
34... Qg5 { [%clk 0:14:37]}  35. Qa4+ { [%clk 0:06:25]}  35... Nd7 { [%clk
0:14:17]}  36. Rd1 { [%clk 0:06:06]}  36... Qxe5 { [%clk 0:13:27]}  37. Bg6+ {
[%clk 0:06:00]}  37... Nxg6 { [%clk 0:13:01]}  38. Rxg6 { [%clk 0:06:23]} 
38... Ke7 { [%clk 0:10:56]}  39. Qxa7 { [%clk 0:05:36]}  39... Qh5 { [%clk
0:10:07]}  40. Rg7+  1-0

[Event "31. DSenEM2019-Gruppe-50"]
[Site "Radebeul"]
[Date "2019.05.04"]
[Round "9.5"]
[White "Müller, Michael"]
[Black "Steiger, Michael"]
[Result "1/2-1/2"]
[BlackElo "1982"]
[BlackTeam "SC Kreuzberg"]
[WhiteElo "2163"]
[WhiteTeam "SC Viernheim"]

1. d4 { [%clk 1:30:54]}  1... Nf6 { [%clk 1:30:51]}  2. Nf3 { [%clk 1:31:10]} 
2... e6 { [%clk 1:31:07]}  3. g3 { [%clk 1:31:13]}  3... d5 { [%clk 1:31:09]} 
4. Bg2 { [%clk 1:31:34]}  4... Be7 { [%clk 1:30:19]}  5. O-O { [%clk 1:31:26]} 
5... O-O { [%clk 1:30:14]}  6. c4 { [%clk 1:31:14]}  6... c6 { [%clk 1:28:41]} 
7. Nc3 { [%clk 1:31:06]}  7... Nbd7 { [%clk 1:26:45]}  8. b3 { [%clk 1:30:23]} 
8... b6 { [%clk 1:24:31]}  9. Bb2 { [%clk 1:27:45]}  9... Ba6 { [%clk 1:17:38]}
 10. Nd2 { [%clk 1:25:26]}  10... Rc8 { [%clk 1:16:50]}  11. e4 { [%clk
1:21:38]}  11... dxe4 { [%clk 1:09:34]}  12. Ndxe4 { [%clk 1:19:40]}  12... c5
{ [%clk 1:04:36]}  13. d5 { [%clk 1:15:57]}  13... exd5 { [%clk 0:59:16]}  14.
Nxd5 { [%clk 1:14:55]}  14... Nxe4 { [%clk 0:49:47]}  15. Bxe4 { [%clk
1:14:16]}  15... Bd6 { [%clk 0:44:06]}  16. Qc2 { [%clk 1:09:23]}  16... h6 {
[%clk 0:36:07]}  17. Rad1 { [%clk 1:01:30]}  17... Be5 { [%clk 0:33:42]}  18.
Bxe5 { [%clk 0:59:08]}  18... Nxe5 { [%clk 0:34:06]}  19. Nb4 { [%clk 0:59:29]}
 19... cxb4 { [%clk 0:24:43]}  20. Rxd8 { [%clk 0:58:12]}  20... Rfxd8 { [%clk
0:25:02]}  21. Rd1 { [%clk 0:57:32]}  21... Re8 { [%clk 0:20:04]}  22. Bd5 {
[%clk 0:48:00]}  22... Rc7 { [%clk 0:15:02]}  23. h3 { [%clk 0:43:46]}  23...
Bc8 { [%clk 0:11:10]}  24. Kg2 { [%clk 0:43:02]}  24... Nd7 { [%clk 0:08:06]} 
25. Bf3 { [%clk 0:38:20]}  25... Nf6 { [%clk 0:05:18]}  26. Rd6 { [%clk
0:35:09]}  26... Bb7 { [%clk 0:01:57]}  27. Bxb7 { [%clk 0:26:47]}  27... Rxb7
{ [%clk 0:02:23]}  28. Qd1 { [%clk 0:26:48]}  28... Rbb8 { [%clk 0:02:34]}  29.
Qd4 { [%clk 0:24:23]}  29... Rbc8 { [%clk 0:02:14]}  30. Qd3 { [%clk 0:22:27]} 
30... Ne4 { [%clk 0:01:33]}  31. Rd4 { [%clk 0:22:37]}  31... Nc5 { [%clk
0:01:45]}  32. Qf5 { [%clk 0:22:13]}  32... Rc6 { [%clk 0:01:32]}  33. Rf4 {
[%clk 0:16:44]}  33... Rf6 { [%clk 0:01:18]}  34. Qg4 { [%clk 0:17:00]}  34...
Rfe6 { [%clk 0:01:18]}  35. Rd4 { [%clk 0:15:25]}  35... Kh7 { [%clk 0:01:16]} 
36. Qf5+ { [%clk 0:15:36]}  36... Kg8 { [%clk 0:01:41]}  37. Qd5 { [%clk
0:13:58]}  37... Rf6 { [%clk 0:01:38]}  38. Rd2 { [%clk 0:13:50]}  38... Rfe6 {
[%clk 0:01:34]}  39. h4 { [%clk 0:13:08]}  39... Kf8 { [%clk 0:01:42]}  40. Rc2
{ [%clk 0:12:46]}  40... Kg8 { [%clk 0:01:25]}  41. a3 { [%clk 0:11:41]}  41...
bxa3 { [%clk 0:25:40]}  42. b4 { [%clk 0:42:47]}  42... Re5 { [%clk 0:25:55]} 
43. Qf3 { [%clk 0:42:58]}  43... Ne4 { [%clk 0:14:09]}  44. Qxa3 { [%clk
0:42:51]}  44... a5 { [%clk 0:10:21]}  45. bxa5 { [%clk 0:41:53]}  45... Rxa5 {
[%clk 0:10:39]}  46. Qb2 { [%clk 0:37:43]}  46... Rc8 { [%clk 0:09:11]}  47.
Qxb6 { [%clk 0:36:25]}  47... Rac5 { [%clk 0:09:31]}  48. f3 { [%clk 0:35:19]} 
48... Nf6 { [%clk 0:09:28]}  49. Kh3 { [%clk 0:35:06]}  49... Nd5 { [%clk
0:06:41]}  50. Qb3 { [%clk 0:34:49]}  50... Nf6 { [%clk 0:06:23]}  51. Qd3 {
[%clk 0:34:05]}  51... h5 { [%clk 0:05:28]}  52. Kg2 { [%clk 0:31:15]}  52...
R8c7 { [%clk 0:05:02]}  53. Kf2 { [%clk 0:30:26]}  53... Nd7 { [%clk 0:05:06]} 
54. Rb2 { [%clk 0:28:03]}  54... Rxc4 { [%clk 0:04:40]}  55. Qd6 { [%clk
0:28:10]}  55... R4c6 { [%clk 0:04:29]}  56. Qe7 { [%clk 0:27:42]}  56... Nf8 {
[%clk 0:04:06]}  57. Qe2 { [%clk 0:27:12]}  57... Rc8 { [%clk 0:03:23]}  58.
Rd2 { [%clk 0:26:30]}  58... Rc3 { [%clk 0:02:45]}  59. Kg2 { [%clk 0:26:33]} 
59... R3c5 { [%clk 0:03:03]}  60. Qe4 { [%clk 0:26:08]}  60... Rc4 { [%clk
0:02:42]}  61. Qf5 { [%clk 0:25:00]}  61... R4c5 { [%clk 0:02:44]}  62. Qf4 {
[%clk 0:23:23]}  62... Ne6 { [%clk 0:02:35]}  63. Qe3 { [%clk 0:22:21]}  63...
Rc3 { [%clk 0:02:41]}  64. Qa7 { [%clk 0:22:04]}  64... R3c7 { [%clk 0:02:59]} 
65. Qa2 { [%clk 0:22:09]}  65... Rc5 { [%clk 0:02:58]}  66. Rb2 { [%clk
0:21:22]}  66... R5c7 { [%clk 0:02:43]}  67. Kh3 { [%clk 0:19:46]}  67... Rc1 {
[%clk 0:01:45]}  68. Qa7 { [%clk 0:17:48]}  68... R8c7 { [%clk 0:01:47]}  69.
Qa4 { [%clk 0:17:22]}  69... Rc8 { [%clk 0:01:20]}  70. Qd7 { [%clk 0:16:19]} 
70... R1c7 { [%clk 0:01:09]}  71. Qd2 { [%clk 0:16:06]}  71... Kf8 { [%clk
0:00:47]}  72. Rb5 { [%clk 0:15:52]}  72... g6 { [%clk 0:00:38]}  73. Qb2 {
[%clk 0:15:18]}  73... Kg8 { [%clk 0:00:47]}  74. Qf6 { [%clk 0:15:15]}  74...
Rc1 { [%clk 0:00:43]}  75. Rb7 { [%clk 0:15:06]}  75... Rf8 { [%clk 0:00:54]} 
76. f4 { [%clk 0:15:09]}  76... Rc5 { [%clk 0:01:16]}  77. Qb2 { [%clk
0:15:11]}  77... Rf5 { [%clk 0:01:17]}  78. Rb5 { [%clk 0:15:04]}  78... Rxb5 {
[%clk 0:01:11]}  79. Qxb5 { [%clk 0:15:32]}  79... Ng7 { [%clk 0:01:18]}  80.
g4 { [%clk 0:15:33]}  80... hxg4+ { [%clk 0:00:55]}  81. Kxg4 { [%clk 0:16:01]}
 81... Rd8 { [%clk 0:00:37]}  82. Qb6 { [%clk 0:14:23]}  82... Re8 { [%clk
0:00:46]}  83. h5 Nxh5 { [%clk 0:00:55]}  84. f5 { [%clk 0:13:56]}  84... gxf5+
{ [%clk 0:01:13]}  85. Kxh5 { [%clk 0:14:14]}  85... Re6 { [%clk 0:01:31]}  86.
Qd8+ { [%clk 0:14:22]}  86... Kg7 { [%clk 0:01:56]}  87. Kg5 { [%clk 0:14:42]} 
87... Rg6+ { [%clk 0:01:56]}  88. Kxf5 { [%clk 0:15:10]}  88... Re6 { [%clk
0:01:59]}  89. Qd4+ { [%clk 0:15:17]}  89... Kg8 { [%clk 0:02:17]}  90. Qc3 {
[%clk 0:15:05]}  90... Kh7 { [%clk 0:01:53]}  91. Qg3 { [%clk 0:15:14]}  91...
Rg6 { [%clk 0:01:57]}  92. Qh4+ { [%clk 0:14:57]}  92... Kg7 { [%clk 0:02:10]} 
93. Qe7 { [%clk 0:14:37]}  93... Re6 { [%clk 0:02:01]}  94. Qd8 { [%clk
0:14:21]}  94... Rg6 { [%clk 0:02:06]}  95. Qd4+ { [%clk 0:13:24]}  95... Kg8 {
[%clk 0:02:09]}  96. Qc3 { [%clk 0:13:06]}  96... Kh7 { [%clk 0:01:55]}  97.
Qe5 { [%clk 0:12:58]}  97... Kg8  1/2-1/2

[Event "31. DSenEM2019-Gruppe-50"]
[Site "Radebeul"]
[Date "2019.05.04"]
[Round "9.6"]
[White "Wenner, Tobias"]
[Black "Löw, Gerald"]
[Result "0-1"]
[BlackElo "2157"]
[BlackTeam "TSV Bindlach Aktionär"]
[WhiteElo "2108"]
[WhiteTeam "Sges Bensheim"]

1. Nf3 { [%clk 1:30:57]}  1... d6 { [%clk 1:30:36]}  2. d4 { [%clk 1:31:21]} 
2... f5 { [%clk 1:30:42]}  3. g3 { [%clk 1:31:11]}  3... Nf6 { [%clk 1:30:49]} 
4. Bg2 { [%clk 1:31:19]}  4... g6 { [%clk 1:30:59]}  5. O-O { [%clk 1:31:32]} 
5... Bg7 { [%clk 1:31:20]}  6. c4 { [%clk 1:31:53]}  6... O-O { [%clk 1:31:37]}
 7. Nc3 { [%clk 1:32:20]}  7... c6 { [%clk 1:31:31]}  8. Re1 { [%clk 1:32:36]} 
8... Ne4 { [%clk 1:30:49]}  9. Qc2 { [%clk 1:32:56]}  9... Nxc3 { [%clk
1:30:48]}  10. bxc3 { [%clk 1:33:15]}  10... e5 { [%clk 1:29:42]}  11. dxe5 {
[%clk 1:33:29]}  11... dxe5 { [%clk 1:30:02]}  12. Ba3 { [%clk 1:33:53]}  12...
Re8 { [%clk 1:29:53]}  13. Red1 { [%clk 1:31:06]}  13... Qf6 { [%clk 1:19:05]} 
14. e4 { [%clk 1:04:14]}  14... Na6 { [%clk 1:07:44]}  15. Bd6 { [%clk
0:55:06]}  15... Bf8 { [%clk 0:59:54]}  16. c5 { [%clk 0:54:55]}  16... Nxc5 {
[%clk 0:59:24]}  17. Bxf8 { [%clk 0:52:25]}  17... Rxf8 { [%clk 0:58:21]}  18.
exf5 { [%clk 0:52:34]}  18... Bxf5 { [%clk 0:56:51]}  19. Qe2 { [%clk 0:52:12]}
 19... e4 { [%clk 0:40:31]}  20. Nd4 { [%clk 0:49:34]}  20... Rae8 { [%clk
0:33:57]}  21. Qc4+ { [%clk 0:47:30]}  21... Ne6 { [%clk 0:33:34]}  22. Re1 {
[%clk 0:41:00]}  22... Kh8 { [%clk 0:29:20]}  23. Nxe6 { [%clk 0:35:00]}  23...
Rxe6 { [%clk 0:27:43]}  24. h3 g5 { [%clk 0:24:14]}  25. Rad1 { [%clk 0:26:46]}
 25... Bxh3 { [%clk 0:17:05]}  26. Qd4 { [%clk 0:25:28]}  26... Bxg2 { [%clk
0:16:06]}  27. Kxg2 { [%clk 0:25:52]}  27... Qxd4 { [%clk 0:15:07]}  28. Rxd4 {
[%clk 0:26:20]}  28... Rfe8 { [%clk 0:14:39]}  29. Rd7 { [%clk 0:23:49]}  29...
R8e7 { [%clk 0:14:09]}  30. Rxe7 { [%clk 0:23:35]}  30... Rxe7 { [%clk
0:14:13]}  31. g4 { [%clk 0:24:03]}  31... Kg7 { [%clk 0:14:13]}  32. Re3 {
[%clk 0:20:45]}  32... Kf6 { [%clk 0:12:01]}  33. Kf1 { [%clk 0:20:25]}  33...
Ke5 { [%clk 0:10:39]}  34. f3 { [%clk 0:18:12]}  34... Kf4 { [%clk 0:09:17]} 
35. Kf2 { [%clk 0:18:36]}  35... Re5 { [%clk 0:09:35]}  36. fxe4 { [%clk
0:18:31]}  36... Rxe4 { [%clk 0:06:59]}  37. Rd3 { [%clk 0:18:48]}  37... Ra4 {
[%clk 0:05:28]}  38. Rh3 { [%clk 0:15:39]}  38... Rxa2+ { [%clk 0:05:39]}  39.
Ke1 { [%clk 0:15:59]}  39... Kxg4 { [%clk 0:04:41]}  40. Rxh7 { [%clk 0:16:19]}
 40... Rb2  0-1

[Event "31. DSenEM2019-Gruppe-50"]
[Site "Radebeul"]
[Date "2019.05.04"]
[Round "9.7"]
[White "Dehn, Marcus"]
[Black "Schatz, Christian"]
[Result "1/2-1/2"]
[BlackElo "2150"]
[BlackTeam "SV Würzburg"]
[EventDate "2019.??.??"]
[PlyCount "28"]
[WhiteElo "2110"]
[WhiteTeam "SV KS Braunschweig"]

1. g3 d5 2. Bg2 Nf6 3. Nf3 c6 4. O-O Bg4 5. c4 e6 6. b3 Be7 7. Bb2 O-O 8. h3 Bh5
9. g4 Bg6 10. Ne5 Nbd7 11. Nxg6 hxg6 12. d3 b5 13. Nd2 Rb8 14. cxb5 cxb5 
1/2-1/2

[Event "31. DSenEM2019-Gruppe-50"]
[Site "Radebeul"]
[Date "2019.05.04"]
[Round "9.8"]
[White "Valet, Richard"]
[Black "Köhler, Gerhard"]
[Result "1/2-1/2"]
[BlackElo "2153"]
[BlackTeam "USV Halle"]
[EventDate "2019.??.??"]
[PlyCount "45"]
[WhiteElo "2051"]
[WhiteTeam "Greifswalder SV"]

1. e4 c5 2. Nc3 Nc6 3. g3 e5 4. Bg2 g6 5. d3 Bg7 6. f4 d6 7. Nf3 Nge7 8. O-O O-O
9. Be3 Nd4 10. Qd2 exf4 11. Bxf4 Nec6 12. Bh6 Nxf3+ 13. Bxf3 Be6 14. Bg2 Qb6
15. Bxg7 Kxg7 16. Ne2 Rae8 17. c3 Ne5 18. Nf4 Nc6 19. Rf2 Ne5 20. h3 Nc6 21.
Kh2 Re7 22. Nh5+ gxh5 23. Qg5+  1/2-1/2

[Event "31. DSenEM2019-Gruppe-50"]
[Site "Radebeul"]
[Date "2019.05.04"]
[Round "9.10"]
[White "Schulze, Andreas"]
[Black "Kaiser, Sebastian"]
[Result "1/2-1/2"]
[BlackElo "1920"]
[BlackTeam "SC Großröhrsdorf"]
[EventDate "2019.??.??"]
[PlyCount "63"]
[WhiteElo "2135"]
[WhiteTeam "TG Biberach"]

1. e4 e6 2. d4 d5 3. Nc3 dxe4 4. Nxe4 Nd7 5. Nf3 Ngf6 6. Nxf6+ Nxf6 7. Bf4 c5 8.
Be2 cxd4 9. Qxd4 Qxd4 10. Nxd4 a6 11. O-O Nd5 12. Bg3 Be7 13. c4 Nb6 14. Bc7
Bd8 15. Bg3 Bf6 16. Rfd1 Na4 17. Rab1 e5 18. Nb3 Bf5 19. Bd3 Bxd3 20. Rxd3 Rd8
21. Re3 O-O 22. h3 e4 23. Rxe4 Nxb2 24. Nc5 Rfe8 25. Rxe8+ Rxe8 26. Nxb7 Nxc4
27. Rc1 Rc8 28. Bf4 Nb6 29. Rxc8+ Nxc8 30. Nc5 a5 31. Bd2 Be7 32. Nd3  1/2-1/2

[Event "31. DSenEM2019-Gruppe-50"]
[Site "Radebeul"]
[Date "2019.05.04"]
[Round "9.11"]
[White "Spiess, Thomas"]
[Black "Proschmann, Tino"]
[Result "1/2-1/2"]
[BlackElo "2116"]
[BlackTeam "SC Großröhrsdorf"]
[EventDate "2019.??.??"]
[PlyCount "77"]
[WhiteElo "1965"]
[WhiteTeam "SK Ricklingen"]

1. Nf3 c5 2. c4 g6 3. d4 Bg7 4. e4 Qa5+ 5. Bd2 Qb6 6. Bc3 cxd4 7. Nxd4 Nc6 8.
Nb5 Bxc3+ 9. N1xc3 Nf6 10. Nd5 Nxd5 11. cxd5 a6 12. dxc6 axb5 13. cxd7+ Bxd7
14. Qb3 O-O 15. Bd3 Qa5+ 16. Ke2 Rfc8 17. a3 Qb6 18. Rac1 Rd8 19. Rhd1 Qd6 20.
g3 Qe5 21. Kf1 Qh5 22. Kg1 Bg4 23. Re1 Bd7 24. Bf1 Bc6 25. Bg2 Rd2 26. Qb4 Qg5
27. f4 Rxg2+ 28. Kxg2 Qh5 29. Qxe7 Re8 30. Qb4 Rxe4 31. Rxe4 Qe2+ 32. Kg1 Bxe4
33. Rc8+ Kg7 34. Qd4+ Kh6 35. Qf2 Qd1+ 36. Qf1 Qd4+ 37. Qf2 Qd1+ 38. Qf1 Qd4+
39. Qf2  1/2-1/2

[Event "31. DSenEM2019-Gruppe-50"]
[Site "Radebeul"]
[Date "2019.05.04"]
[Round "9.12"]
[White "Schöttker, Jochen"]
[Black "Redzepovic, Irfan"]
[Result "0-1"]
[BlackElo "2075"]
[BlackTeam "SW Nürnberg Süd"]
[EventDate "2019.??.??"]
[PlyCount "56"]
[WhiteElo "1896"]
[WhiteTeam "SC Northeim"]

1. d4 Nf6 2. Nf3 e6 3. e3 c5 4. c3 b6 5. Bd3 Bb7 6. Nbd2 Be7 7. O-O O-O 8. dxc5
bxc5 9. e4 d5 10. Qe2 Qc7 11. Re1 Re8 12. e5 Nfd7 13. Nf1 Qd8 14. Bf4 a5 15.
Rad1 Nf8 16. g4 Nbd7 17. Bg3 c4 18. Bb1 Nc5 19. Nd4 Qb6 20. Ne3 Ba6 21. Rd2 Nd3
22. Bxd3 cxd3 23. Qf1 a4 24. b4 axb3 25. Nxb3 Rec8 26. Nd1 Bg5 27. h4 Bxd2 28.
Nxd2 Bb5  0-1

[Event "31. DSenEM2019-Gruppe-50"]
[Site "Radebeul"]
[Date "2019.05.04"]
[Round "9.13"]
[White "Krien, Hartmut"]
[Black "Bohnstorff, Michael"]
[Result "1-0"]
[BlackElo "2044"]
[BlackTeam "SC Lüneburg"]
[EventDate "2019.??.??"]
[PlyCount "88"]
[WhiteElo "1853"]
[WhiteTeam "SK Heidenau"]

1. e4 d6 2. d4 g6 3. Nf3 Bg7 4. Bc4 Nf6 5. Nc3 O-O 6. O-O Bg4 7. h3 Bxf3 8. Qxf3
Nbd7 9. Bg5 c6 10. Rad1 Qc7 11. Bb3 a6 12. Rfe1 e5 13. Bxf6 Nxf6 14. dxe5 dxe5
15. Rd3 Rad8 16. Red1 Rxd3 17. Qxd3 Re8 18. g4 Bf8 19. Qf3 Kg7 20. Ne2 h6 21.
h4 Re7 22. g5 hxg5 23. hxg5 Nh5 24. Qh3 Kg8 25. Qd3 Ng7 26. Qd6 Qxd6 27. Rxd6
Nh5 28. Rxg6+ Kh7 29. Rd6 Rc7 30. Rd3 Kg6 31. Rf3 Rd7 32. Kg2 Bc5 33. Rf5 Bd6
34. Ng3 Nxg3 35. Kxg3 Bc7 36. Kg4 Re7 37. Rf6+ Kg7 38. Kf5 Bb6 39. f3 Be3 40.
g6 fxg6+ 41. Rxg6+ Kh7 42. Bg8+ Kh8 43. Kf6 Bc5 44. Be6 Kh7  1-0